Krishnamurti: los grandes temas
Saved in:
| Hovedforfatter: | |
|---|---|
| Format: | Bog |
| Sprog: | spansk |
| Udgivet: |
Lima
UNMSM
2002
|
| Serier: | Serie Humanidades
|
| Fag: | |
| Tags: |
Tilføj Tag
Ingen Tags, Vær først til at tagge denne postø!
|
MARC
| LEADER | 00000nam a2200000 a 4500 | ||
|---|---|---|---|
| 001 | UCL9817 | ||
| 003 | CL-VaPUC | ||
| 008 | 040827e20020000PE |||||||||||||||||spa|d | ||
| 020 | |a 9972461882 | ||
| 082 | 0 | 4 | |a 181.4 |b RUS |2 21 |
| 100 | 0 | |a Russo Delgado, José Antonio |e author |9 487714 | |
| 245 | 1 | 0 | |a Krishnamurti: los grandes temas |
| 300 | |a 184 p | ||
| 942 | |c BK | ||
| 945 | |d 20040827 00:00:00 |a cmena | ||
| 260 | |a Lima |b UNMSM |c 2002 | ||
| 650 | 0 | |a Filosofía hindú |9 431231 | |
| 650 | 0 | |a Teología |9 258766 | |
| 650 | 0 | |a Filosofía moral |9 310115 | |
| 650 | 0 | |a Yoga |9 312609 | |
| 583 | |a last modification |c 20040827 00:00:00 |k Rodrigo Vera | ||
| 490 | 0 | |a Serie Humanidades | |
| 999 | |c 310460 |d 310458 | ||
| 952 | |0 0 |1 0 |4 0 |6 181_400000000000000_RUS_2002 |7 0 |8 A |9 378908 |a BIBHIS |b BIBHIS |d 2019-11-21 |i 4043758 |o 181.4 RUS 2002 |p 4043758 |r 2025-01-20 |w 2019-11-21 |y BK |k HIS | ||